[Event "80th ARM-ch 2020"]
[Site "Yerevan"]
[Date "2020.01.17"]
[Round "6.2"]
[White "Hakobyan, Aram"]
[Black "Andriasian, Zaven"]
[Result "1-0"]
[WhiteElo "2582"]
[BlackElo "2611"]
[Annotator "TA"]
[PlyCount "119"]
[EventDate "2020.01.12"]
[EventType "tourn"]
[EventCountry "ARM"]
[SourceTitle "playchess.com"]
[Source "ChessBase"]
[SourceQuality "1"]

{[%evp 11,119,13,9,10,10,9,12,7,18,4,7,0,6,8,33,15,31,30,42,18,16,20,26,22,88,74,81,77,81,91,101,73,76,67,108,99,107,106,119,119,133,107,101,100,133,117,235,99,107,93,68,18,49,31,47,38,45,45,85,69,92,78,116,116,108,114,112,41,120,-77,91,65,88,75,88,88,89,96,89,88,96,91,212,216,211,198,191,195,230,227,223,219,230,206,201,155,585,569,558,539,614,614,29983,29984,29986,29987,29987,29988,29990,806]} 1. Nf3 Nf6 2. g3 d5 3. Bg2 c6 4. O-O Bg4 5. d4 Nbd7 6. c4 e6 7. h3 {D11: Slav Defence: 3 Nf3 sidelines and 3...Nf6 4 e3 Bg4} Bxf3 (7... Bf5 8. Nc3 h6 9. Nd2 Be7 10. e4 dxe4 11. Ndxe4 Nxe4 12. Nxe4 O-O 13. Be3 Qa5 14. a3 Qa6 {½-½ (45) Rodshtein,M (2668)-Eljanov,P (2680) Israel 2019}) 8. Bxf3 Bd6 9. Nd2 $146 {The position is equal.} ({Predecessor:} 9. Nc3 O-O 10. e4 dxe4 {1-0 (35) Snorek,M (2213)-Rynt,P (2108) Liberec 2004}) 9... O-O 10. e4 dxe4 11. Nxe4 Nxe4 12. Bxe4 Nf6 13. Bg2 Re8 14. Qb3 Qc7 15. Bg5 Nd7 16. Rfe1 e5 17. d5 $36 {[%mdl 2048] Black is under pressure.} c5 (17... Nc5 $11 18. Qc2 cxd5) 18. Be4 g6 19. g4 $1 Rab8 20. a4 a6 21. Qc2 Be7 22. Bd2 a5 23. Qc3 b6 24. Kg2 Qd8 25. Qe3 Bd6 26. Qg3 Be7 27. g5 f5 28. gxf6 $1 Nxf6 (28... Bxf6 $16 29. Bh6 Bg7 30. Bxg7 Kxg7) 29. Bf5 (29. Bxg6 $1 $18 hxg6 30. Rxe5 (30. Qxg6+ Kh8 $11)) 29... Kh8 30. Be6 Nh5 31. Qg4 Bd6 32. Ra3 Rf8 33. Bg5 Qc7 34. Bh6 Rf6 35. Rf3 Nf4+ 36. Kf1 Re8 37. Qg5 Ref8 38. Bxf8 Rxf8 39. Rfe3 (39. Rb3 $16) 39... Qg7 (39... e4 $14) 40. b3 $2 (40. Rb3 $16 {keeps the pressure on.}) 40... h6 $2 (40... e4 $1 $17 {stays on course.}) 41. Qh4 g5 42. Qg4 Qf6 43. Qf3 h5 44. Kg1 Kg7 45. Re4 Kh6 46. Qe3 Ng6 (46... Kh7 $16 {was necessary.}) 47. h4 $1 $18 Nf4 48. hxg5+ Qxg5+ 49. Qg3 Qf6 50. Kh1 Ng6 51. Rg1 Nf4 52. Kh2 Bb8 53. f3 Ne2 $2 (53... Bd6 $16 54. Kh1 Re8) 54. Rxe2 e4 55. d6 exf3 56. Rf2 {Intending Rxf3! and mate.} Rg8 57. Qxg8 {White mates.} Qh4+ 58. Bh3 {[%cal Rg8h8]} Bxd6+ {[#]} 59. Rg3 $1 {[%cal Rg8h8]} Qf6 {[#]} (59... Bxg3+ 60. Qxg3) 60. Qe6 {Accuracy: White = 58%, Black = 32%.} (60. Rfxf3 $142 $1 Bxg3+ (60... Qxf3 61. Qh8#) 61. Qxg3 Qd4 62. Bf5 Qb2+ 63. Kh3 Qf6 64. Be4 Qxf3 65. Bxf3 Kh7 66. Be4+ Kh8 {[#]} 67. Qg6 $1 {[%mdl 576] Double Attack} h4 68. Qh7#) 1-0

[Event "80th ARM-ch 2020"]
[Site "Yerevan"]
[Date "2020.01.17"]
[Round "6.3"]
[White "Martirosyan, Haik M."]
[Black "Hovhannisyan, Robert"]
[Result "1-0"]
[WhiteElo "2613"]
[BlackElo "2641"]
[Annotator "TA"]
[PlyCount "127"]
[EventDate "2020.01.12"]
[EventType "tourn"]
[EventCountry "ARM"]
[SourceTitle "playchess.com"]
[Source "ChessBase"]
[SourceQuality "1"]

{[%evp 13,127,33,26,26,26,29,35,20,31,30,54,22,39,33,60,27,38,-5,0,0,0,-18,-12,-16,0,-32,-3,-22,-26,-41,-37,-76,-75,-51,0,0,-6,-8,-8,-9,-9,-9,-7,-9,-4,-12,-12,-10,47,22,56,57,75,69,97,99,99,47,49,0,97,0,52,9,12,11,59,61,67,64,61,60,137,113,304,310,258,268,261,234,234,232,260,260,308,288,345,246,333,344,594,569,604,593,567,531,1313,1239,1524,1433,29975,29976,29983,29984,29984,29985,29985,29986,29986,29987,29987,29988,29988,29989,29989,29981]} 1. d4 d5 2. c4 c6 3. Nf3 Nf6 4. Nc3 e6 5. Bg5 Nbd7 6. e3 Qa5 7. cxd5 Nxd5 8. Rc1 {[%cal Ba1c1,Bc1c2,Bc2e2][%mdl 32] D52: Queen's Gambit Declined: Cambridge Springs Variation} h6 (8... Nxc3 9. bxc3 Ba3 10. Rc2 b6 11. Be2 Ba6 12. O-O O-O 13. c4 Rfe8 14. e4 Bf8 15. Bd3 e5 {1-0 (39) Ding,L (2811)-Shankland,S (2705) chess.com INT 2019}) 9. Bh4 Nxc3 10. bxc3 {White is slightly better.} Ba3 11. Rc2 b6 12. Be2 Ba6 13. O-O Bxe2 14. Rxe2 {[#]} (14. Qxe2 {keeps more tension.} O-O 15. Rd1 Rfe8 16. c4 e5 17. Bg3) 14... O-O $146 ({Predecessor:} 14... Qxc3 15. Rc2 Qa5 16. Rxc6 {0-1 (42) Cramling,P (2443)-Goryachkina,A (2575) Monaco 2019}) 15. e4 Rfe8 16. c4 b5 17. d5 cxd5 18. cxd5 exd5 19. exd5 Bf8 20. Rfe1 Rxe2 21. Rxe2 Rc8 22. g4 Qb4 23. h3 h5 (23... Nb6 $15) 24. gxh5 $11 Rc3 25. Re8 $1 Qc4 {Hoping for ...Rc1.} 26. Kg2 Rd3 {[%mdl 64] Double Attack} 27. Qe2 Rxd5 28. Qe7 Qc6 29. Rd8 Rd3 30. Qe2 Rd5 (30... Rc3 $11 31. Be7 a5) 31. Qe4 Qe6 32. Qxe6 fxe6 33. Ng5 Nc5 34. Ra8 $1 a6 35. Nf3 ({White should try} 35. Kf3 $1 $16) 35... Kf7 $1 $14 36. Ng5+ Kg8 37. Nf3 Kf7 $1 38. Bg3 {And now Ne5+ would win.} Bd6 39. Ra7+ Kf8 40. Bxd6+ Rxd6 {[%mdl 4096] Endgame KRN-KRN} 41. Ne5 $1 {[%cal Re5g6]} Rd5 42. f4 b4 (42... Rd8 $1 $14) 43. Kf3 Kg8 $2 (43... Rd8 $16 {might work better.}) 44. Ra8+ $1 $18 Kh7 45. Nf7 $1 {[%csl Gf7][%cal Ra8h8]} Rxh5 46. Rh8+ Kg6 {...Rxh8 is the strong threat.} 47. Ne5+ Rxe5 48. fxe5 {KR-KN} Kf5 49. Rh5+ g5 50. h4 {[%csl Gh4][%cal Rh5g5]} Ne4 51. Ke3 a5 $2 (51... Kg4 52. Rh6 Kf5 53. hxg5 Nxg5) 52. Kd4 a4 {[#] intending ...b3.} 53. Rh8 $1 {[%cal Rh8f8]} Nc3 54. h5 {aiming for Rf8+.} Ne2+ 55. Kc4 b3 56. axb3 axb3 57. Rf8+ {White mates.} Kxe5 58. h6 b2 {[#]} 59. h7 $1 b1=Q 60. h8=Q+ Kd6 61. Rd8+ Kc7 62. Rc8+ Kd6 63. Qd8+ {[%mdl 64] Double Attack} Ke5 64. Qxg5+ {Accuracy: White = 65%, Black = 54%.} 1-0

[Event "80th ARM-ch 2020"]
[Site "Yerevan"]
[Date "2020.01.17"]
[Round "6.4"]
[White "Ter-Sahakyan, Samvel"]
[Black "Mikaelyan, Arman"]
[Result "1-0"]
[WhiteElo "2617"]
[BlackElo "2476"]
[Annotator "TA"]
[PlyCount "115"]
[EventDate "2020.01.12"]
[EventType "tourn"]
[EventCountry "ARM"]
[SourceTitle "playchess.com"]
[Source "ChessBase"]
[SourceQuality "1"]

{[%evp 9,115,55,74,52,73,52,58,64,81,49,74,-8,-11,-15,-8,-12,-10,-14,0,-8,-9,-1,0,-36,-41,-59,-56,-98,0,0,0,0,0,0,22,8,8,8,8,9,19,21,28,22,53,49,44,43,126,100,103,56,121,131,129,129,132,132,123,85,163,118,137,114,111,102,102,102,102,102,104,100,139,122,139,139,123,123,237,237,220,212,402,434,1108,1108,1108,1108,1108,1108,1108,1100,1100,1100,1054,1032,1093,1093,1086,1079,848,714,1079,1007,1230,1214,1166,1053]} 1. e4 e5 2. Nf3 Nc6 3. Bb5 a6 4. Ba4 f5 5. d4 exd4 6. e5 {C70: Ruy Lopez: 3...a6 4 Ba4, Norwegian and Delayed Schliemann} b5 7. Bb3 Bb7 8. O-O {White is slightly better.} Na5 $1 9. Nxd4 ({Reject} 9. Qxd4 c5 $15) (9. Bxg8 Rxg8 10. Nxd4 Qh4 11. Nc3 f4 12. Nf3 Qg4 13. a4 Nc4 14. axb5 Nxe5 {0-1 (59) Morozevich,A (2659)-Sychev,K (2563) Moscow 2019}) 9... c5 10. Bxg8 $146 (10. Nxf5 $16 c4 11. Qg4) ({Predecessor:} 10. Nxf5 c4 11. Qg4 Qb6 12. Nd6+ Bxd6 13. exd6 O-O-O 14. Qxg7 Qxd6 {½-½ (59) Beikert,G (2414)-Buecker,S (2280) Sasbach 2018}) 10... cxd4 $11 11. Bb3 Nxb3 12. axb3 Qb6 13. c3 dxc3 (13... Qc6 {seems wilder.} 14. f3 dxc3 15. Nxc3 Bc5+ 16. Kh1 O-O) 14. Nxc3 Bc5 15. Qh5+ g6 16. Qh3 O-O 17. Bf4 Rf7 $1 18. Rad1 {[#]} Qe6 ({Black should play} 18... g5 $1 $17 {[%cal Rg5f4][%mdl 512]} 19. Be3 (19. Bxg5 Rg7) 19... Bxe3 20. fxe3 Qc5) 19. Ne2 Re8 20. Nd4 Qb6 21. Nf3 Bxf3 22. Qxf3 Bd4 23. Rfe1 Bxb2 24. h4 a5 25. Re2 $36 {[%mdl 2048] White has some pressure.} Ba3 26. Rd5 Bf8 27. Qd3 {[%mdl 1024] White has compensation.} Rb8 28. Ra2 ({Of course not} 28. Rxd7 Rxd7 29. Qxd7 Rd8 $17) 28... Rb7 (28... a4 $14) 29. g3 Bb4 30. Bh6 {Threatens to win with Rc2.} Qe6 (30... Rb8 $1 $14) 31. Rxb5 $16 Rxb5 32. Qxb5 Re7 33. Rc2 Re8 34. Rc7 Bf8 (34... Qxe5 $16 {was worth a try.} 35. Qxd7 Qe1+ 36. Kg2 Qe7) 35. Bxf8 Kxf8 36. Qxa5 Qxe5 37. Qxe5 Rxe5 38. Rxd7 $18 {[%mdl 4096] Endgame KR-KR} Rb5 39. Rd3 Ke7 40. Kf1 h6 41. Ke2 g5 {[#]} 42. hxg5 $1 hxg5 43. Kd2 Rb8 (43... Ke6 $16) 44. Kc3 Rc8+ {[#]} 45. Kb2 $1 f4 $2 (45... Rb8 {was called for.} 46. Rd4 Ke6) 46. gxf4 gxf4 (46... g4 $142 47. Rg3 Kf6) 47. Rd4 Rf8 48. Re4+ Kd6 49. f3 Kc5 50. Kc3 Kd5 51. Kd3 Rf7 52. b4 Rf8 53. Rc4 Rf7 54. Rc5+ Kd6 55. Ke4 Rf8 56. Rd5+ Ke6 57. Rd4 Rf7 58. b5 {Accuracy: White = 81%, Black = 42%.} 1-0

[Event "80th ARM-ch 2020"]
[Site "Yerevan"]
[Date "2020.01.17"]
[Round "6.5"]
[White "Pashikian, Arman"]
[Black "Gharibyan, Mamikon"]
[Result "1-0"]
[WhiteElo "2605"]
[BlackElo "2381"]
[Annotator "TA"]
[PlyCount "49"]
[EventDate "2020.01.12"]
[EventType "tourn"]
[EventCountry "ARM"]
[SourceTitle "playchess.com"]
[Source "ChessBase"]
[SourceQuality "1"]

{[%evp 12,49,32,14,33,8,9,0,23,8,26,26,8,16,0,21,21,0,25,0,5,9,21,27,37,30,43,40,115,85,268,279,276,287,1201,1186,1135,1133,1065,1048]} 1. e4 e5 2. Nf3 Nc6 3. Bc4 Bc5 4. d3 Nf6 5. O-O h6 6. c3 d6 7. Re1 O-O {C54: Giuoco Piano: 4 c3 Nf6, main lines with 5 d4 and 5 d3} 8. Nbd2 a5 (8... a6 9. a4 Ba7 10. h3 Re8 11. b4 Be6 12. Bxe6 Rxe6 13. Qc2 Ne7 14. Nf1 Qd7 15. Ng3 {1-0 (56) Wang,H (2726)-Malakhov,V (2667) China 2019}) 9. Nf1 Ng4 {The position is equal.} 10. d4 $146 ({Predecessor:} 10. Be3 Nxe3 11. Nxe3 Kh8 12. d4 exd4 13. cxd4 Bb4 {½-½ (51) Derekhshani,D-Sumiyabayar,E Kemer 2007}) 10... Bb6 11. h3 Nf6 12. Bb3 exd4 13. cxd4 d5 $1 {[%cal Rd5e4]} 14. exd5 Ne7 15. a3 Nfxd5 16. Ng3 c6 17. Qd3 Ng6 18. Bc2 Bc7 19. Ne5 Qf6 ({Better is} 19... Re8 $14) 20. Bd2 $40 {[%mdl 128] White wants a kill.} Ndf4 $2 {[#]} (20... Bxe5 $16 {might work better.} 21. dxe5 Qe7) 21. Bxf4 $1 $18 Qxf4 {[#]} 22. Nxf7 $1 {[%mdl 512]} Rxf7 $2 ({Don't go for} 22... Qxf7 $2 23. Bb3 $18) (22... Bf5 23. Qxf5 Qxf5 24. Nxh6+ (24. Bxf5 Kxf7 25. Be6+ Kf6 $18) 24... gxh6 25. Nxf5 (25. Bxf5 Bxg3 26. Be6+ Kg7 $18) 25... Rae8 26. Nxh6+ {[%mdl 64] Discovered Attack} Kg7) 23. Qxg6 {White is clearly winning.} Qxf2+ 24. Kh1 {Qh7+ would kill now.} Kf8 25. Qh7 {Accuracy: White = 65%, Black = 32%.} 1-0

[Event "80th ARM-ch 2020"]
[Site "Yerevan"]
[Date "2020.01.18"]
[Round "7.1"]
[White "Mikaelyan, Arman"]
[Black "Hakobyan, Aram"]
[Result "1-0"]
[WhiteElo "2476"]
[BlackElo "2582"]
[Annotator "TA"]
[PlyCount "111"]
[EventDate "2020.01.12"]
[EventType "tourn"]
[EventCountry "ARM"]
[SourceTitle "playchess.com"]
[Source "ChessBase"]
[SourceQuality "1"]

{[%evp 12,111,6,14,25,0,-4,3,49,20,68,70,81,89,89,82,75,79,103,59,100,79,82,4,125,139,136,114,115,112,112,110,110,59,108,106,102,106,124,118,127,119,169,144,168,185,163,161,267,265,308,281,454,449,452,412,437,418,472,471,451,447,414,167,300,277,334,76,68,67,384,360,375,364,395,360,869,869,917,917,917,917,917,917,1104,1066,1027,839,5193,783,1733,881,29979,29982,29978,6049,5798,5531,5173,5034,6123,5888]} 1. d4 Nf6 2. c4 g6 3. Nc3 d5 4. Nf3 Bg7 5. Qb3 dxc4 6. Qxc4 O-O 7. e4 Be6 {D97: Grünfeld: Russian System: 7 e4, replies other than 7...Bg4.} 8. Qa4 c5 9. d5 Bc8 {[#] The position is equal.} (9... Bd7 $5 {[%cal Rd7a4]} 10. Qc4 e6 $11) 10. Be3 $146 ({Predecessor:} 10. Be2 e6 11. dxe6 Bxe6 12. O-O Nc6 13. Be3 Qb6 14. Qb5 Nd7 15. Rfd1 Rfc8 16. Qxb6 axb6 {1-0 (55) Kovacs,G (2462)-Fogarasi,T (2375) Hungary 2016}) 10... b6 11. Rd1 Bb7 12. Be2 $36 {[%mdl 2048] Black is under strong pressure.} a6 13. Qb3 Nbd7 14. a4 Qc7 15. Nd2 Ne8 16. O-O Nd6 17. Nc4 ({White should try} 17. f4 $16) 17... Rae8 (17... b5 $1 $11 18. axb5 axb5 19. Nxd6 (19. Nxb5 Nxb5 20. Qxb5 Ba6 $11) 19... exd6) 18. Bf4 $16 Rb8 19. Rfe1 Bc8 20. Qc2 f6 21. Bg3 Ne5 22. Ne3 (22. b3 $16) 22... c4 23. f4 $1 {[%cal Rf4e5]} Nef7 24. Bf3 b5 25. axb5 axb5 26. Ne2 {[%cal Bc3e2,Be2d4,Bd4c6,Bc6e7][%mdl 32]} Nb7 27. Nd4 Nc5 28. b4 {aiming for d6.} Na6 29. Nc6 Rb6 (29... Rb7 $142 30. Ra1 Nb8) 30. e5 $1 $18 Kh8 {[%cal Rf6e5]} 31. d6 exd6 $2 (31... Nxd6 32. exd6 exd6) 32. exf6 $1 Bh6 {[#]} (32... Bxf6 33. Nd5 $18) 33. Ne7 $1 Nxb4 34. Qb1 Nd3 35. Rxd3 $1 cxd3 {[#]} 36. N3d5 $1 {[%cal Rd5c7]} Qb7 37. Bf2 (37. Nxb6 Qxb6+ 38. Bf2 Qa6 $18) (37. Nxc8 $142 Rxc8 38. Qxd3 (38. Nxb6 Qxb6+ 39. Bf2 Qc7 $16)) 37... Ra6 (37... d2 {is a better defense.} 38. Nxb6 dxe1=Q+ 39. Qxe1 Qc7) 38. Nb6 ({Don't play} 38. Qxd3 $6 Qd7 $16) 38... d2 39. Rd1 $2 (39. Bxb7 $18 dxe1=Q+ 40. Bxe1 Bxb7 41. Nd7 (41. Qxb5 Ra1 $11)) 39... Qc7 $16 40. Nbxc8 {Nxg6+! is the strong threat.} Rxc8 $2 {[%mdl 8192]} (40... Bxf4 $14 41. Nb6 (41. Qxb5 Ra3 $16) 41... Qc1) 41. Nxc8 $18 Qxc8 42. Qxb5 Kg8 43. g3 Ra3 $2 (43... d5 44. Qb2 Qe6 45. Qxd2 Bf8 46. Bxd5 Qxf6) 44. Bd5 Bxf4 45. Qb4 {[%mdl 64] Double Attack} Rd3 46. Bxf7+ Kxf7 47. Qe4 {White threatens Qe7+ and mate.} Qe6 48. Qxd3 Bh6 49. Qf3 d5 50. Kg2 Bg5 51. h4 Bh6 52. Ra1 Qe4 53. Qxe4 (53. Ra7+ $142 Ke6 54. Re7+ {[%mdl 64] Skewer} Kd6 55. Rxe4 dxe4 56. Qa3+ Kc6 57. Qc5+ Kd7 58. Qe7+ Kc6 59. Qxe4+ Kd6 60. Qe7+ Kc6 61. Qc5+ Kd7 62. Qd5+ Kc7 63. Bc5) 53... dxe4 {White is clearly winning.} 54. Bd4 Ke6 55. Kf2 Kd5 56. Be3 {Accuracy: White = 79%, Black = 42%.} 1-0

[Event "80th ARM-ch 2020"]
[Site "Yerevan"]
[Date "2020.01.18"]
[Round "7.2"]
[White "Sargsyan, Shant"]
[Black "Pashikian, Arman"]
[Result "1/2-1/2"]
[WhiteElo "2601"]
[BlackElo "2605"]
[Annotator "ChessBase"]
[PlyCount "119"]
[EventDate "2020.01.12"]
[EventType "tourn"]
[EventCountry "ARM"]
[SourceTitle "playchess.com"]
[Source "ChessBase"]
[SourceQuality "1"]
[TimeControl "40/5400+30:1800+30"]

1. d4 {[%emt 0:01:11]} Nf6 {[%emt 0:00:00]} 2. c4 {[%emt 0:00:08]} e6 {[%emt 0:00:00]} 3. Nc3 {[%emt 0:00:20]} d5 {[%emt 0:01:40]} 4. cxd5 {[%emt 0:01:13]} exd5 {[%emt 0:00:11]} 5. Bg5 {[%emt 0:00:07]} c6 {[%emt 0:00:09]} 6. e3 {[%emt 0:00:43]} Be7 {[%emt 0:00:07]} 7. Qc2 {[%emt 0:02:34]} Nbd7 {[%emt 0:03:49]} 8. Nf3 {[%emt 0:01:53]} Nh5 {[%emt 0:02:11]} 9. Bxe7 {[%emt 0:03:47]} Qxe7 {[%emt 0:00:14]} 10. O-O-O {[%emt 0:00:56]} Nb6 {[%emt 0:00:54]} 11. h3 {[%emt 0:04:02]} g6 {[%emt 0:00:50]} 12. Bd3 {[%emt 0:02:05]} Be6 {[%emt 0:01:06]} 13. Kb1 {[%emt 0:03:16]} O-O-O {[%emt 0:02:28]} 14. Nd2 {[%emt 0:01:46]} Ng7 {[%emt 0:05:14]} 15. Ka1 {[%emt 0:05:50]} Bf5 {[%emt 0:05:31]} 16. Rb1 {[%emt 0:00:59]} Qg5 {[%emt 0:12:04]} 17. Rhg1 {[%emt 0:04:04]} Bxd3 {[%emt 0:00:08]} 18. Qxd3 {[%emt 0:00:10]} Qf5 {[%emt 0:00:10]} 19. Qe2 {[%emt 0:00:13]} Ne6 {[%emt 0:02:20]} 20. Rgc1 {[%emt 0:02:39]} Rhe8 {[%emt 0:04:41]} 21. Qf1 {[%emt 0:02:48]} Kb8 {[%emt 0:05:21]} 22. b4 {[%emt 0:02:40]} Rc8 {[%emt 0:00:55]} 23. a4 {[%emt 0:03:07]} a6 {[%emt 0:05:00]} 24. Rb2 {[%emt 0:04:51]} Rc7 {[%emt 0:03:36]} 25. Rcb1 {[%emt 0:06:10]} Ree7 {[%emt 0:01:19]} 26. Ra2 {[%emt 0:01:58]} Qf6 {[%emt 0:03:12]} 27. Nb3 {[%emt 0:02:24]} Nc4 {[%emt 0:08:02]} 28. b5 {[%emt 0:05:15]} axb5 {[%emt 0:00:35]} 29. axb5 {[%emt 0:01:12]} b6 {[%emt 0:00:03]} 30. bxc6 {[%emt 0:05:33]} Ra7 {[%emt 0:00:09]} 31. Nc1 {[%emt 0:15:55]} Nxd4 {[%emt 0:24:50]} 32. exd4 {[%emt 0:00:54]} Qxd4 {[%emt 0:00:54]} 33. Qd3 {[%emt 0:04:24]} Rxa2+ {[%emt 0:02:23]} 34. Kxa2 {[%emt 0:00:02]} Ra7+ {[%emt 0:01:16]} 35. Kb3 {[%emt 0:00:02]} Ra3+ {[%emt 0:03:24]} 36. Kc2 {[%emt 0:00:01]} Qxf2+ {[%emt 0:00:07]} 37. N1e2 {[%emt 0:06:56]} Ne3+ {[%emt 0:01:32]} 38. Kc1 {[%emt 0:01:04]} Nc4 {[%emt 0:01:05]} 39. Kc2 {[%emt 0:04:09]} Ne3+ {[%emt 0:01:17]} 40. Kc1 {[%emt 0:00:00]} Nc4 {[%emt 0:00:00]} 41. Rb4 {[%emt 0:09:20]} Qc5 {[%emt 0:08:50]} 42. Rxc4 {[%emt 0:10:20]} Qxc4 {[%emt 0:00:28]} 43. Qxc4 {[%emt 0:00:25]} dxc4 {[%emt 0:01:13]} 44. Nb5 {[%emt 0:02:13]} Re3 {[%emt 0:04:57]} 45. Ned4 {[%emt 0:01:05]} Re5 {[%emt 0:08:50]} 46. Kc2 {[%emt 0:00:40]} f5 {[%emt 0:01:50]} 47. g3 {[%emt 0:02:52]} g5 {[%emt 0:04:12]} 48. c7+ {[%emt 0:01:34]} Kc8 {[%emt 0:00:52]} 49. Nxf5 {[%emt 0:00:40]} Rxb5 {[%emt 0:00:47]} 50. Nd6+ {[%emt 0:00:01]} Kxc7 {[%emt 0:00:06]} 51. Nxb5+ {[%emt 0:00:03]} Kc6 {[%emt 0:00:06]} 52. Nc3 {[%emt 0:02:44]} h6 {[%emt 0:00:08]} 53. Ne4 {[%emt 0:02:18]} Kd5 {[%emt 0:01:39]} 54. Nf6+ {[%emt 0:00:18]} Ke6 {[%emt 0:00:43]} 55. Ng4 {[%emt 0:03:50]} h5 {[%emt 0:00:22]} 56. Ne3 {[%emt 0:00:45]} b5 {[%emt 0:01:33]} 57. g4 {[%emt 0:00:41]} hxg4 {[%emt 0:01:56]} 58. Nxg4 {[%emt 0:00:17]} Kf5 {[%emt 0:00:25]} 59. Kc3 {[%emt 0:00:23]} Kf4 {[%emt 0:00:10]} 60. Nf6 {[%emt 0:00:27]} 1/2-1/2

[Event "80th ARM-ch 2020"]
[Site "Yerevan"]
[Date "2020.01.18"]
[Round "7.3"]
[White "Hovhannisyan, Robert"]
[Black "Ter-Sahakyan, Samvel"]
[Result "0-1"]
[WhiteElo "2641"]
[BlackElo "2617"]
[Annotator "ChessBase"]
[PlyCount "126"]
[EventDate "2020.01.12"]
[EventType "tourn"]
[EventCountry "ARM"]
[SourceTitle "playchess.com"]
[Source "ChessBase"]
[SourceQuality "1"]
[TimeControl "40/5400+30:1800+30"]

1. e4 {[%emt 0:00:00]} Nf6 {[%emt 0:00:00]} 2. e5 {[%emt 0:00:00]} Nd5 {[%emt 0:00:00]} 3. d4 {[%emt 0:00:25]} d6 {[%emt 0:00:00]} 4. Nf3 {[%emt 0:00:29]} g6 {[%emt 0:00:08]} 5. Bc4 {[%emt 0:02:42]} Nb6 {[%emt 0:00:10]} 6. Bb3 {[%emt 0:00:28]} Bg7 {[%emt 0:00:12]} 7. O-O {[%emt 0:03:03]} O-O {[%emt 0:00:17]} 8. exd6 {[%emt 0:00:36]} cxd6 {[%emt 0:00:28]} 9. c3 {[%emt 0:03:18]} Qc7 {[%emt 0:10:31]} 10. a4 {[%emt 0:06:08]} Nc6 {[%emt 0:01:47]} 11. Na3 {[%emt 0:10:14]} a6 {[%emt 0:02:20]} 12. d5 {[%emt 0:03:14]} Na5 {[%emt 0:00:40]} 13. Re1 {[%emt 0:06:58]} Nxb3 {[%emt 0:12:14]} 14. Qxb3 {[%emt 0:00:04]} e6 {[%emt 0:01:01]} 15. dxe6 {[%emt 0:04:17]} Bxe6 {[%emt 0:00:07]} 16. Qb4 {[%emt 0:02:15]} Bd5 {[%emt 0:03:37]} 17. Be3 {[%emt 0:08:33]} Nd7 {[%emt 0:00:22]} 18. Ng5 {[%emt 0:05:14]} h6 {[%emt 0:19:52]} 19. Nh3 {[%emt 0:00:08]} Rfe8 {[%emt 0:02:09]} 20. Nf4 {[%emt 0:00:43]} Bc6 {[%emt 0:00:11]} 21. Nc4 {[%emt 0:05:13]} d5 {[%emt 0:08:32]} 22. Nd2 {[%emt 0:07:15]} a5 {[%emt 0:05:53]} 23. Qb3 {[%emt 0:01:04]} Nc5 {[%emt 0:03:20]} 24. Qc2 {[%emt 0:05:37]} b6 {[%emt 0:02:40]} 25. Ne2 {[%emt 0:02:50]} Bd7 {[%emt 0:04:20]} 26. Nd4 {[%emt 0:04:00]} Re7 {[%emt 0:00:08]} 27. N2f3 {[%emt 0:00:19]} Rae8 {[%emt 0:01:50]} 28. h3 {[%emt 0:00:19]} Re4 {[%emt 0:01:20]} 29. Nb5 {[%emt 0:07:35]} Qb8 {[%emt 0:00:36]} 30. Bd4 {[%emt 0:01:52]} Bf5 {[%emt 0:03:50]} 31. Qd1 {[%emt 0:00:51]} Nd3 {[%emt 0:00:28]} 32. Rxe4 {[%emt 0:00:31]} dxe4 {[%emt 0:00:15]} 33. Ne1 {[%emt 0:06:40]} Nxb2 {[%emt 0:01:06]} 34. Qd2 {[%emt 0:00:13]} Nc4 {[%emt 0:02:52]} 35. Qe2 {[%emt 0:00:07]} Ne5 {[%emt 0:01:31]} 36. Rd1 {[%emt 0:00:12]} Be6 {[%emt 0:01:23]} 37. Qxe4 {[%emt 0:02:59]} Bb3 {[%emt 0:02:24]} 38. Rb1 {[%emt 0:00:47]} Bxa4 {[%emt 0:03:02]} 39. Bxe5 {[%emt 0:00:37]} Bxb5 {[%emt 0:00:46]} 40. Bxb8 {[%emt 0:00:00]} Rxe4 {[%emt 0:00:00]} 41. Rxb5 {[%emt 0:02:19]} Rxe1+ {[%emt 0:02:49]} 42. Kh2 {[%emt 0:00:02]} Bxc3 {[%emt 0:15:06]} 43. Rxb6 {[%emt 0:00:38]} Re6 {[%emt 0:00:56]} 44. Rb3 {[%emt 0:02:43]} Bd4 {[%emt 0:00:41]} 45. Bf4 {[%emt 0:08:46]} Ra6 {[%emt 0:03:21]} 46. Rd3 {[%emt 0:06:29]} Bb2 {[%emt 0:03:38]} 47. Rb3 {[%emt 0:01:26]} Bg7 {[%emt 0:00:12]} 48. Rb8+ {[%emt 0:04:37]} Kh7 {[%emt 0:00:09]} 49. Rb7 {[%emt 0:00:03]} g5 {[%emt 0:06:29]} 50. Bc1 {[%emt 0:01:09]} Kg6 {[%emt 0:00:15]} 51. Ba3 {[%emt 0:00:57]} Bd4 {[%emt 0:00:24]} 52. f3 {[%emt 0:03:25]} Be5+ {[%emt 0:02:58]} 53. Kg1 {[%emt 0:00:17]} Bg3 {[%emt 0:00:57]} 54. Kf1 {[%emt 0:02:09]} h5 {[%emt 0:00:14]} 55. Ke2 {[%emt 0:01:04]} h4 {[%emt 0:00:33]} 56. Rd7 {[%emt 0:01:17]} f6 {[%emt 0:00:20]} 57. Kd3 {[%emt 0:00:57]} Kf5 {[%emt 0:00:29]} 58. Rd5+ {[%emt 0:02:16]} Be5 {[%emt 0:00:26]} 59. Rc5 {[%emt 0:00:25]} Kf4 {[%emt 0:01:51]} 60. Ke2 {[%emt 0:00:37]} Kg3 {[%emt 0:01:10]} 61. Kf1 {[%emt 0:00:01]} Rb6 {[%emt 0:01:02]} 62. Rc1 {[%emt 0:00:46]} Rb3 {[%emt 0:00:41]} 63. Ra1 {[%emt 0:00:46]} Bxa1 {[%emt 0:00:31]} 0-1